Statistics for Name the actor!

Click here to take the quiz!

General Stats

  • This quiz has been taken 53 times
  • The average score is 10 of 16

Answer Stats

CharacterActor/Actress% Correct
Jack SparrowJohnny Depp
96%
Forrest GumpTom Hanks
96%
Dr. WatsonJude Law
89%
Rocky BalboaSylvester Stallone
89%
Harry PotterDaniel Radcliffe
84%
Katniss EverdeenJennifer Lawrence
82%
Lara CroftAngelina Jolie
80%
Bruce WayneChristian Bale
69%
Bilbo BagginsMartin Freeman
67%
Nelson MandelaMorgan Freeman
64%
Rose DeWitt BukaterKate Winslet
53%
Mace WinduSamuel L. Jackson
51%
Steve RogersChris Evans
42%
Jordan BelfortLeonardo DiCaprio
36%
Andy DufresneTim Robbins
27%
Bryan MillsLiam Neeson
22%

Score Distribution

Percentile by Number Answered

Percent of People with Each Score

Your Score History

You have not taken this quiz